[Event "XI Open Vallee d'Aoste A"]
[Site "Saint Vincent - Chatillon ITA"]
[Date "2003.02.12"]
[Round "5"]
[White "Miladinovic, Igor"]
[Black "Azmaiparashvili, Zurab A."]
[Result "1-0"]
[WhiteElo "2526"]
[BlackElo "2678"]
[PlyCount "95"]
[EventDate "2003.02.08"]

1. d4 d6 2. e4 Nf6 3. Nc3 g6 4. Be3 c6 5. Qd2 b5 6. f3 Nbd7 7. Nge2 Nb6 8. b3
Bg7 9. Bh6 Bxh6 10. Qxh6 e5 11. a4 b4 12. a5 Nbd7 13. Nd1 d5 14. exd5 Nxd5 15.
Ne3 Nxe3 16. Qxe3 Qe7 17. dxe5 Qxe5 18. Qxe5+ Nxe5 19. O-O-O O-O 20. h3 Be6 21.
Nf4 Bf5 22. g4 Bd7 23. Bg2 Rae8 24. Rhe1 Bc8 25. Ne2 Nd7 26. f4 Nb8 27. Ng3
Rxe1 28. Rxe1 Rd8 29. Ne4 f5 30. Nd6 fxg4 31. Nxc8 Rxc8 32. Re7 c5 33. Rxa7
gxh3 34. Bd5+ Kf8 35. Rf7+ Ke8 36. Rxh7 Rd8 37. Bb7 Rd6 38. Rxh3 Kd8 39. Rd3
Rxd3 40. cxd3 Kc7 41. Be4 Nd7 42. Bxg6 Kb7 43. Be8 Nf8 44. Bb5 Ne6 45. f5 Nd4
46. f6 Nxb3+ 47. Kb2 Nd4 48. Bc4 1-0

[Event "XI Open Vallee d'Aoste A"]
[Site "Saint Vincent - Chatillon ITA"]
[Date "2003.02.12"]
[Round "5"]
[White "Nevednichy, Vladislav"]
[Black "Arakhamia-Grant, Ketevan"]
[Result "1/2-1/2"]
[WhiteElo "2567"]
[BlackElo "2413"]
[PlyCount "124"]
[EventDate "2003.02.08"]

1. e4 c5 2. Nf3 e6 3. c4 b6 4. Nc3 Bb7 5. d4 cxd4 6. Nxd4 d6 7. g3 a6 8. Bg2
Nd7 9. b3 Qc7 10. Bd2 Ngf6 11. O-O g6 12. Rc1 Bg7 13. Be3 O-O 14. f3 Rad8 15.
Qd2 Rfe8 16. Rfd1 Qb8 17. Qf2 Ne5 18. h3 Qa8 19. Na4 Ned7 20. Ne2 b5 21. cxb5
axb5 22. Nac3 Qa6 23. Nd4 b4 24. Ncb5 Rf8 25. Bf1 d5 26. Nc6 Qxc6 27. Rxc6 Bxc6
28. Nd4 Bb7 29. e5 Nxe5 30. Qe1 Ned7 31. Qxb4 Rb8 32. Nb5 e5 33. Ba7 Ra8 34.
Qa5 d4 35. Bg2 Nd5 36. Nd6 Ne3 37. Rc1 Bd5 38. Rc7 Nf6 39. b4 Rfd8 40. Nb5 d3
41. Bxe3 Rxa5 42. bxa5 Bxa2 43. Bd2 Nd5 44. Rb7 Bf8 45. a6 Bc5+ 46. Kh2 Ne7 47.
Rc7 Rc8 48. a7 Bd5 49. Rxc8+ Nxc8 50. Nc7 Bc6 51. a8=Q Bxa8 52. Nxa8 Nd6 53.
Bf1 Nc4 54. Bc3 d2 55. Be2 Bd4 56. Bb4 Be3 57. Nc7 Nb2 58. Bc3 d1=Q 59. Bxd1
Nxd1 60. Bxe5 h5 61. Nd5 Bc1 62. g4 hxg4 1/2-1/2

[Event "XI Open Vallee d'Aoste A"]
[Site "Saint Vincent - Chatillon ITA"]
[Date "2003.02.12"]
[Round "5"]
[White "Relange, Eloi"]
[Black "Sanchez, Joseph"]
[Result "1/2-1/2"]
[WhiteElo "2499"]
[BlackElo "2307"]
[PlyCount "138"]
[EventDate "2003.02.08"]

1. d4 d5 2. c4 c6 3. Nf3 Nf6 4. Nc3 e6 5. Bg5 Nbd7 6. e3 Qa5 7. cxd5 exd5 8.
Bd3 Ne4 9. O-O Nxg5 10. Nxg5 Be7 11. f4 Nf6 12. Qc2 h6 13. Nf3 O-O 14. Ne5 c5
15. a3 Rd8 16. b4 cxb4 17. axb4 Qb6 18. Rfb1 Ng4 19. Nxg4 Bxg4 20. h3 Be6 21.
f5 Bc8 22. Ra5 Qc6 23. Qb3 Bg5 24. Re1 b6 25. Rxd5 Rxd5 26. Nxd5 Qd6 27. e4 Qg3
28. Rd1 Bb7 29. Bc4 Qxb3 30. Bxb3 Re8 31. Re1 Bd2 32. Re2 Bxd5 33. Bxd5 Bc3 34.
Rc2 Bxd4+ 35. Kf1 Be5 36. b5 Kf8 37. Ke2 Re7 38. Bc6 Rc7 39. Rd2 Ke7 40. Rd5
Kf6 41. Rd8 g6 42. fxg6 fxg6 43. Kd3 Re7 44. Kc4 Bh2 45. Kd4 Bg1+ 46. Kd5 Bh2
47. Rg8 Re5+ 48. Kd4 Re7 49. Be8 Rg7 50. Rf8+ Ke6 51. Bc6 Be5+ 52. Kc4 Rc7 53.
Re8+ Re7 54. Rg8 Rg7 55. Bd5+ Kd6 56. Rd8+ Rd7 57. Ra8 Rc7+ 58. Bc6 Ke6 59. g4
Re7 60. Rg8 Kf7 61. Bd5+ Kf6 62. h4 Bg3 63. h5 Rg7 64. Rf8+ Ke7 65. Rh8 Bf4 66.
Kd4 gxh5 67. gxh5 Kd6 68. Rd8+ Rd7 69. Rg8 Rg7 1/2-1/2

[Event "XI Open Vallee d'Aoste A"]
[Site "Saint Vincent - Chatillon ITA"]
[Date "2003.02.12"]
[Round "5"]
[White "Roeder, Matthias"]
[Black "Baklan, Vladimir"]
[Result "1/2-1/2"]
[WhiteElo "2442"]
[BlackElo "2605"]
[PlyCount "38"]
[EventDate "2003.02.08"]

1. Nf3 Nf6 2. c4 e6 3. b3 d5 4. Bb2 Be7 5. g3 O-O 6. Bg2 a5 7. O-O a4 8. Na3
Nbd7 9. d3 b6 10. Qc1 Bb7 11. Nc2 c5 12. Rb1 axb3 13. axb3 Qc7 14. e3 Bc6 15.
cxd5 Nxd5 16. e4 N5f6 17. Ne3 Rfd8 18. Qc2 Qb7 19. Ra1 Rxa1 1/2-1/2

[Event "XI Open Vallee d'Aoste A"]
[Site "Saint Vincent - Chatillon ITA"]
[Date "2003.02.12"]
[Round "5"]
[White "Rotstein, Arkadij"]
[Black "Paehtz, Elisabeth"]
[Result "1-0"]
[WhiteElo "2544"]
[BlackElo "2384"]
[PlyCount "69"]
[EventDate "2003.02.08"]

1. Nf3 c5 2. c4 b6 3. d4 cxd4 4. Nxd4 Bb7 5. Nc3 d6 6. e4 Nf6 7. f3 e6 8. Be2
Be7 9. Be3 O-O 10. O-O a6 11. Qd2 Qc7 12. Rfc1 Nbd7 13. a4 Rfe8 14. a5 bxa5 15.
Nb3 Rab8 16. Nxa5 Ba8 17. Na4 Ne5 18. b4 Nc6 19. Nxc6 Qxc6 20. b5 axb5 21. cxb5
Qb7 22. Nb6 d5 23. e5 Nd7 24. Nxd7 Qxd7 25. b6 Bc6 26. Ra7 Rb7 27. Qc3 Rxa7 28.
bxa7 Ba8 29. Qc7 Qa4 30. Qb8 Rf8 31. Rc8 d4 32. Bg5 d3 33. Bxe7 Qd4+ 34. Kf1
dxe2+ 35. Kxe2 1-0

[Event "XI Open Vallee d'Aoste A"]
[Site "Saint Vincent - Chatillon ITA"]
[Date "2003.02.12"]
[Round "5"]
[White "Szekely, Peter"]
[Black "Jones, Gawain C.B."]
[Result "1/2-1/2"]
[WhiteElo "2417"]
[BlackElo "2271"]
[PlyCount "63"]
[EventDate "2003.02.08"]

1. Nf3 c5 2. c4 Nf6 3. g3 Nc6 4. Bg2 g6 5. O-O Bg7 6. d4 cxd4 7. Nxd4 O-O 8.
Nc3 Nxd4 9. Qxd4 d6 10. Qd3 Rb8 11. Be3 Qa5 12. Bd4 Be6 13. b3 a6 14. a4 Nd7
15. Bxg7 Kxg7 16. Rab1 Rfc8 17. Rfc1 Ne5 18. Qd4 Qc5 19. Qd1 Bf5 20. Ra1 Ng4
21. Qe1 Nf6 22. Qd2 Bd7 23. Rab1 Ng4 24. Ne4 Qh5 25. h3 Ne5 26. f4 Nc6 27. g4
Qh4 28. c5 h5 29. cxd6 hxg4 30. hxg4 Bxg4 31. dxe7 Qxe7 32. Nf2 1/2-1/2

[Event "XI Open Vallee d'Aoste A"]
[Site "Saint Vincent - Chatillon ITA"]
[Date "2003.02.12"]
[Round "5"]
[White "Tiviakov, Sergei"]
[Black "Golod, Vitali"]
[Result "1-0"]
[WhiteElo "2635"]
[BlackElo "2532"]
[PlyCount "81"]
[EventDate "2003.02.08"]

1. e4 e5 2. Nf3 Nc6 3. Bc4 Bc5 4. c3 Nf6 5. d3 a6 6. Bb3 d6 7. O-O Ba7 8. Be3
O-O 9. Nbd2 Ne7 10. Nh4 Kh8 11. Bxa7 Rxa7 12. f4 exf4 13. Rxf4 d5 14. Qf3 Neg8
15. e5 g5 16. Rxf6 Nxf6 17. exf6 gxh4 18. Bxd5 Qd7 19. Be4 Qb5 20. Qe3 Qb6 21.
Qxb6 cxb6 22. Rf1 Rg8 23. Nc4 b5 24. Ne5 Be6 25. d4 Rg5 26. a3 h3 27. g3 b6 28.
Rf4 Kg8 29. Kf2 Rc7 30. Ke3 Rh5 31. Rf2 Rg5 32. Kf4 h6 33. d5 Rc5 34. Rd2 Bc8
35. Rd3 Bb7 36. b4 Rc8 37. d6 Bxe4 38. d7 Rd8 39. Kxe4 Kh7 40. Nxf7 Rg4+ 41.
Kf5 1-0

[Event "XI Open Vallee d'Aoste A"]
[Site "Saint Vincent - Chatillon ITA"]
[Date "2003.02.12"]
[Round "5"]
[White "Tolhuizen, Ludo"]
[Black "Vassallo Barroche, Mauricio"]
[Result "1/2-1/2"]
[WhiteElo "2198"]
[BlackElo "2443"]
[PlyCount "194"]
[EventDate "2003.02.08"]

1. d4 c5 2. e3 Nf6 3. Nf3 g6 4. c4 Bg7 5. Nc3 O-O 6. Be2 cxd4 7. exd4 d5 8. O-O
Nc6 9. Re1 b6 10. Bg5 Bb7 11. Rc1 dxc4 12. Bxc4 Rc8 13. Bf1 h6 14. Be3 e6 15.
h3 Ne7 16. Ne5 Nf5 17. Qa4 a6 18. Bxa6 Ra8 19. Bxb7 Rxa4 20. Nxa4 Nxe3 21. fxe3
Nd7 22. Nxd7 Qxd7 23. Bc6 Qa7 24. Bb5 h5 25. Nc3 Qe7 26. a3 Qg5 27. Bd3 Rc8 28.
Rcd1 Rc7 29. Ne4 Qh4 30. Nd2 Qe7 31. Nf1 e5 32. d5 e4 33. Bb1 Rd7 34. Re2 Be5
35. Rc2 Bd6 36. Rc6 b5 37. Ba2 Qe5 38. Rd2 Ra7 39. Bb1 b4 40. Bxe4 bxa3 41.
bxa3 Rxa3 42. Bf3 Ra1 43. Kf2 Kg7 44. Rcc2 Bb4 45. Re2 h4 46. Rc4 Be7 47. Rd2
Qb8 48. d6 Bxd6 49. Rxh4 Qb1 50. Be2 Qe1+ 51. Kf3 Qxh4 52. Rxd6 Qh5+ 53. Kf2
Qe5 54. Rd1 Qf5+ 55. Kg1 Ra2 56. Bf3 Qe5 57. Rd5 Qb2 58. Rd2 Qxd2 59. Nxd2 Rxd2
60. Kf1 Kf6 61. Ke1 Rd6 62. Ke2 Ke5 63. Ba8 Ra6 64. Bb7 Rb6 65. Ba8 g5 66. Kf3
f5 67. Ke2 Rb2+ 68. Kf3 Kd6 69. Kg3 Ra2 70. Bb7 Ra7 71. Bf3 Ra3 72. Kf2 Ke5 73.
Bb7 Kf6 74. Bc6 Rc3 75. Bb7 Rc2+ 76. Kf3 Ke5 77. Kg3 Rb2 78. Bc6 Re2 79. Kf3
Rc2 80. Bb7 Rb2 81. Bc6 Kd6 82. Ba4 Ra2 83. Be8 Ra3 84. Kf2 Kd5 85. Bd7 Ke4 86.
Bc6+ Kd3 87. Bd7 Ra5 88. Kf3 Re5 89. Kf2 Rc5 90. Kf3 Ra5 91. g4 fxg4+ 92. Kxg4
Kxe3 93. Bf5 Kd4 94. Kxg5 Ke5 95. h4 Ra1 96. h5 Rg1+ 97. Bg4 Rxg4+ 1/2-1/2

[Event "XI Open Vallee d'Aoste A"]
[Site "Saint Vincent - Chatillon ITA"]
[Date "2003.02.12"]
[Round "5"]
[White "Zelcic, Robert"]
[Black "Scalcione, Michelangelo"]
[Result "1-0"]
[WhiteElo "2576"]
[BlackElo "2366"]
[PlyCount "65"]
[EventDate "2003.02.08"]

1. e4 e5 2. Nf3 d6 3. d4 exd4 4. Nxd4 Nf6 5. Nc3 Be7 6. Qf3 Nbd7 7. Nf5 Ne5 8.
Qf4 O-O 9. Be2 Re8 10. Ng3 Bf8 11. O-O g6 12. Qh4 Be7 13. Bg5 Be6 14. h3 h6 15.
Qxh6 Nfg4 16. Bxe7 Nxh6 17. Bxd8 Raxd8 18. f4 Nc6 19. f5 gxf5 20. exf5 Bc8 21.
Nh5 Re5 22. g4 d5 23. Bd3 Nd4 24. b4 Kf8 25. Rf4 Nc6 26. b5 Na5 27. Raf1 c5 28.
bxc6 Nxc6 29. g5 Ng8 30. h4 Nge7 31. g6 Nxg6 32. fxg6 Rxh5 33. Be2 1-0

[Event "XI Open Vallee d'Aoste A"]
[Site "Saint Vincent - Chatillon ITA"]
[Date "2003.02.13"]
[Round "6"]
[White "Azmaiparashvili, Zurab A."]
[Black "Ortega, Lexy"]
[Result "1-0"]
[WhiteElo "2678"]
[BlackElo "2452"]
[PlyCount "71"]
[EventDate "2003.02.08"]

1. g3 d5 2. Bg2 c6 3. d3 Nf6 4. Nd2 g6 5. e4 Bg7 6. e5 Ng4 7. d4 c5 8. h3 Nh6
9. dxc5 Qc7 10. Nb3 Qxe5+ 11. Ne2 e6 12. Bf4 Qxb2 13. O-O Nf5 14. c3 Qa3 15.
Re1 O-O 16. g4 Nh4 17. Bh1 h6 18. Bd6 Re8 19. Ned4 Qa4 20. Rb1 Nc6 21. Bxd5 Bd7
22. Be4 f5 23. gxf5 exf5 24. Bd5+ Kh7 25. Qd3 Rxe1+ 26. Rxe1 Re8 27. Rxe8 Bxe8
28. Qe2 Nxd4 29. Nxd4 Qd7 30. Qe7 Qxe7 31. Bxe7 g5 32. Bxb7 Bf7 33. Bd6 Kg6 34.
a4 Kf6 35. c6 Bd5 36. Ba8 1-0

[Event "XI Open Vallee d'Aoste A"]
[Site "Saint Vincent - Chatillon ITA"]
[Date "2003.02.13"]
[Round "6"]
[White "Bellia, Fabrizio"]
[Black "Nevednichy, Vladislav"]
[Result "0-1"]
[WhiteElo "2410"]
[BlackElo "2567"]
[PlyCount "64"]
[EventDate "2003.02.08"]

1. e4 c5 2. c3 d6 3. d4 Nf6 4. dxc5 Nc6 5. f3 e6 6. Be3 Qc7 7. a4 dxc5 8. Na3
Be7 9. Nh3 O-O 10. Be2 Na5 11. Nc4 Nxc4 12. Bxc4 Bd6 13. g3 b6 14. Nf2 Bb7 15.
Qc2 a6 16. b3 Bc6 17. Be2 Nd7 18. f4 f5 19. O-O e5 20. fxe5 Bxe5 21. exf5 Bxg3
22. Bc4+ Kh8 23. Ng4 Nf6 24. h3 Rae8 25. Be6 Ba8 26. Nh2 Nd5 27. Bg5 h6 28. c4
Nb4 29. Qe2 Bxh2+ 30. Qxh2 Qxh2+ 31. Kxh2 hxg5 32. Rg1 Nc2 0-1

[Event "XI Open Vallee d'Aoste A"]
[Site "Saint Vincent - Chatillon ITA"]
[Date "2003.02.13"]
[Round "6"]
[White "Cebalo, Miso"]
[Black "Manca, Federico"]
[Result "1-0"]
[WhiteElo "2527"]
[BlackElo "2349"]
[PlyCount "85"]
[EventDate "2003.02.08"]

1. d4 d5 2. c4 e6 3. Nc3 c5 4. cxd5 exd5 5. Nf3 Nc6 6. g3 Nf6 7. Bg2 Be7 8. O-O
O-O 9. Bg5 cxd4 10. Nxd4 h6 11. Be3 Bg4 12. h3 Be6 13. Rc1 Qd7 14. Kh2 Rfe8 15.
Qa4 Bd8 16. Rfd1 Bc7 17. Nxc6 bxc6 18. Bd4 Bb6 19. Bxf6 gxf6 20. e4 d4 21. e5
fxe5 22. Bxc6 Qe7 23. Ne4 f5 24. Nc5 Bxc5 25. Bxe8 Bd6 26. Bb5 f4 27. Bc4 fxg3+
28. fxg3 Kh8 29. Bxe6 Qxe6 30. Qc4 Qg6 31. Qd3 Qxd3 32. Rxd3 Kg7 33. Rc6 Rd8
34. Kg2 Kf6 35. Kf3 Kf5 36. g4+ Ke6 37. Ke4 Rf8 38. Rf3 Rb8 39. b3 Rb4 40. Rf5
a5 41. Rxe5+ Kd7 42. Rxd6+ Kxd6 43. Rxa5 1-0

[Event "XI Open Vallee d'Aoste A"]
[Site "Saint Vincent - Chatillon ITA"]
[Date "2003.02.13"]
[Round "6"]
[White "Drazic, Sinisa"]
[Black "Bauer, Christian"]
[Result "1/2-1/2"]
[WhiteElo "2462"]
[BlackElo "2579"]
[PlyCount "39"]
[EventDate "2003.02.08"]

1. Nf3 c5 2. c4 Nf6 3. Nc3 Nc6 4. e3 e6 5. d4 d5 6. a3 a6 7. Bd3 Be7 8. O-O O-O
9. dxc5 Bxc5 10. b4 Ba7 11. Bb2 Qe7 12. h3 Rd8 13. Qc2 h6 14. Rad1 dxc4 15.
Bxc4 b5 16. Ba2 Bb7 17. Bb1 Rac8 18. Rxd8+ Nxd8 19. Qe2 Bb8 20. Rd1 1/2-1/2

[Event "XI Open Vallee d'Aoste A"]
[Site "Saint Vincent - Chatillon ITA"]
[Date "2003.02.13"]
[Round "6"]
[White "Efimov, Igor"]
[Black "Collutiis, Duilio"]
[Result "1/2-1/2"]
[WhiteElo "2480"]
[BlackElo "2325"]
[PlyCount "43"]
[EventDate "2003.02.08"]

1. d4 Nf6 2. c4 c5 3. d5 b5 4. Nd2 bxc4 5. e4 c3 6. bxc3 g6 7. Nh3 Bg7 8. Nf4
O-O 9. Be2 Qc7 10. g3 e6 11. O-O exd5 12. exd5 d6 13. Rb1 Nbd7 14. Rb3 Ne5 15.
c4 Bd7 16. Ra3 Rfb8 17. Re1 h5 18. Ng2 Bh3 19. Nf4 Bf5 20. Ng2 Bh3 21. Nf4 Bf5
22. Ng2 1/2-1/2

[Event "XI Open Vallee d'Aoste A"]
[Site "Saint Vincent - Chatillon ITA"]
[Date "2003.02.13"]
[Round "6"]
[White "Georgiev, Vladimir"]
[Black "Klinova, Masha"]
[Result "1/2-1/2"]
[WhiteElo "2549"]
[BlackElo "2368"]
[PlyCount "73"]
[EventDate "2003.02.08"]

1. c4 e5 2. Nc3 Bb4 3. g3 Nf6 4. e4 Nc6 5. Nge2 a5 6. Bg2 d6 7. O-O Be6 8. Nd5
Bc5 9. d3 Nd4 10. Nxd4 Bxd4 11. Bg5 Bxd5 12. cxd5 O-O 13. Qd2 c5 14. dxc6 bxc6
15. Rac1 c5 16. Rc2 h6 17. Be3 Bxe3 18. Qxe3 Qe7 19. f4 Rab8 20. Qd2 Rb4 21. a3
Rb5 22. Qc3 exf4 23. gxf4 Rfb8 24. h3 Rb3 25. Qd2 a4 26. Re1 Nd7 27. d4 Qh4 28.
e5 cxd4 29. exd6 d3 30. Rc3 Rxb2 31. Qe3 d2 32. Rd1 Rb1 33. Qxd2 Rxd1+ 34. Qxd1
Qxf4 35. Rf3 Qe5 36. Rf1 Nf6 37. d7 1/2-1/2

[Event "XI Open Vallee d'Aoste A"]
[Site "Saint Vincent - Chatillon ITA"]
[Date "2003.02.13"]
[Round "6"]
[White "Godena, Michele"]
[Black "Houska, Jovanka"]
[Result "1-0"]
[WhiteElo "2524"]
[BlackElo "2386"]
[PlyCount "59"]
[EventDate "2003.02.08"]

1. e4 c6 2. d4 d5 3. Nd2 dxe4 4. Nxe4 Nd7 5. Bc4 Ngf6 6. Ng5 e6 7. Qe2 Nb6 8.
Bd3 h6 9. N5f3 c5 10. Be3 Qc7 11. c3 a6 12. Ne5 Nbd5 13. Ngf3 Bd6 14. O-O O-O
15. Bd2 b6 16. dxc5 Bxc5 17. a3 Bb7 18. Rad1 Bd6 19. c4 Ne7 20. Bc3 Rad8 21.
Rfe1 Nc6 22. Bc2 Nxe5 23. Nxe5 Be7 24. Ng6 fxg6 25. Qxe6+ Rf7 26. Rxd8+ Bxd8
27. Bxg6 Qe7 28. Bxf7+ Qxf7 29. Bxf6 gxf6 30. Qe8+ 1-0

[Event "XI Open Vallee d'Aoste A"]
[Site "Saint Vincent - Chatillon ITA"]
[Date "2003.02.13"]
[Round "6"]
[White "Golod, Vitali"]
[Black "Vezzosi, Paolo"]
[Result "1-0"]
[WhiteElo "2532"]
[BlackElo "2379"]
[PlyCount "81"]
[EventDate "2003.02.08"]

1. d4 Nf6 2. c4 e6 3. Nc3 d5 4. cxd5 exd5 5. Bg5 c6 6. e3 Be7 7. Bd3 Nbd7 8.
Qc2 O-O 9. Nf3 Re8 10. O-O Nf8 11. Rae1 Nh5 12. Bxe7 Rxe7 13. Ne5 g6 14. b4 a6
15. Na4 Ng7 16. Nc5 Bf5 17. a4 f6 18. Nf3 a5 19. bxa5 Rxa5 20. e4 dxe4 21. Bxe4
b6 22. Bxf5 bxc5 23. Rxe7 Qxe7 24. Bd3 Nge6 25. Bc4 Kg7 26. d5 cxd5 27. Bxd5
Qd7 28. Bb3 Ra6 29. Qc4 Qb7 30. Re1 Rb6 31. Re3 Rb4 32. Qc3 Re4 33. a5 Rxe3 34.
fxe3 Qa7 35. Bc4 Nc7 36. Qd2 Na6 37. Qd6 Nb4 38. a6 g5 39. h4 g4 40. Ng5 h6 41.
Ne4 1-0

[Event "XI Open Vallee d'Aoste A"]
[Site "Saint Vincent - Chatillon ITA"]
[Date "2003.02.13"]
[Round "6"]
[White "Huzman, Alexander"]
[Black "Brady, Stephen"]
[Result "1-0"]
[WhiteElo "2589"]
[BlackElo "2336"]
[PlyCount "95"]
[EventDate "2003.02.08"]

1. Nf3 Nf6 2. c4 b6 3. Nc3 Bb7 4. d4 e6 5. a3 d5 6. Bg5 Be7 7. Qa4+ c6 8. Bxf6
Bxf6 9. cxd5 exd5 10. g3 O-O 11. Bg2 Bc8 12. O-O Bf5 13. Rfd1 Re8 14. Ne5 b5
15. Qb3 Bxe5 16. dxe5 Qe7 17. e4 dxe4 18. Nxe4 Bxe4 19. Bxe4 Qxe5 20. Re1 g6
21. Kg2 Qf6 22. Qc2 Re6 23. Bf3 Na6 24. Rxe6 Qxe6 25. Qxc6 Qxc6 26. Bxc6 Rb8
27. Rd1 Rb6 28. Rd8+ Kg7 29. Bd5 Nc5 30. b4 Ne6 31. Rd7 a6 32. f4 Kf6 33. Kf3
h5 34. Ra7 g5 35. fxg5+ Nxg5+ 36. Ke3 Ne6 37. Bf3 Kg6 38. Bb7 Ng7 39. Rxa6 Nf5+
40. Kd3 Rd6+ 41. Rxd6+ Nxd6 42. Bd5 f5 43. Kd4 Kf6 44. Kc5 Ke5 45. Bf3 h4 46.
gxh4 Nc4 47. a4 Nd2 48. a5 1-0

[Event "XI Open Vallee d'Aoste A"]
[Site "Saint Vincent - Chatillon ITA"]
[Date "2003.02.13"]
[Round "6"]
[White "Ibrahimov, Rasul"]
[Black "Iordachescu, Viorel"]
[Result "1/2-1/2"]
[WhiteElo "2462"]
[BlackElo "2550"]
[PlyCount "134"]
[EventDate "2003.02.08"]

1. Nf3 Nf6 2. c4 e6 3. g3 d5 4. Bg2 dxc4 5. Qa4+ c6 6. Qxc4 b5 7. Qc2 Bb7 8.
O-O Nbd7 9. b3 Be7 10. Bb2 Rc8 11. d3 O-O 12. Ne5 Nxe5 13. Bxe5 Nd5 14. Nd2 c5
15. a3 Qb6 16. Bb2 Rfd8 17. Ne4 c4 18. dxc4 bxc4 19. bxc4 Ba6 20. Qd2 Rxc4 21.
Rab1 Qc7 22. Rfc1 Nc3 23. Qxc3 Rxc3 24. Nxc3 Qa5 25. Bf3 h6 26. Na2 Bxa3 27.
Bxa3 Qxa3 28. Nb4 Bb5 29. Nc6 Bxc6 30. Rxc6 Qa4 31. Rcc1 e5 32. Ra1 Qd4 33. e3
Qb6 34. Ra2 g6 35. Kg2 Kg7 36. Rca1 Rd7 37. h4 h5 38. Ra6 Qb8 39. R6a2 Qb6 40.
Ra6 Qc5 41. R6a5 Qe7 42. R1a2 e4 43. Be2 Rc7 44. R5a4 Qc5 45. Rc4 Qd6 46. Rca4
Qd7 47. Rd4 Qe7 48. Rda4 Rb7 49. Bf1 Qc5 50. Kh2 f5 51. Ra5 Qc7 52. Bg2 Kh6 53.
Ra6 Qb8 54. Bh3 Kg7 55. R6a5 Re7 56. Ra6 Qb7 57. Bg2 Qc7 58. Bh3 Qc5 59. R6a5
Qc7 60. Ra6 Rf7 61. Kg2 Kh6 62. Kh2 Qc5 63. R6a5 Qc4 64. Rxa7 Rxa7 65. Rxa7 Qe2
66. Kg1 Qd1+ 67. Bf1 Qc1 1/2-1/2

[Event "XI Open Vallee d'Aoste A"]
[Site "Saint Vincent - Chatillon ITA"]
[Date "2003.02.13"]
[Round "6"]
[White "Jones, Gawain C.B."]
[Black "Skembris, Spyridon"]
[Result "1/2-1/2"]
[WhiteElo "2271"]
[BlackElo "2426"]
[PlyCount "81"]
[EventDate "2003.02.08"]

1. e4 e5 2. Nf3 Nc6 3. Nc3 Nf6 4. Bb5 Bb4 5. O-O O-O 6. d3 Bxc3 7. bxc3 d6 8.
Bg5 h6 9. Bh4 Qe7 10. Re1 Nb8 11. d4 c6 12. Bf1 Nbd7 13. a4 Re8 14. Qc1 Nf8 15.
Qa3 Ng6 16. Bg3 Nh5 17. Rad1 Bg4 18. dxe5 dxe5 19. Qxe7 Rxe7 20. Rd6 Bxf3 21.
gxf3 Nhf4 22. a5 a6 23. Red1 Rae8 24. Bc4 Kf8 25. h4 h5 26. Rd7 Ne6 27. Bxe6
fxe6 28. Kf1 Rxd7 29. Rxd7 Re7 30. Rd8+ Kf7 31. Ke2 Rc7 32. Kd3 Ke7 33. Rg8 Kd6
34. Kc4 Rf7 35. Rd8+ Rd7 36. Rg8 Re7 37. Rc8 Rc7 38. Re8 Rf7 39. Rd8+ Kc7 40.
Re8 Kd6 41. Rd8+ 1/2-1/2

[Event "XI Open Vallee d'Aoste A"]
[Site "Saint Vincent - Chatillon ITA"]
[Date "2003.02.13"]
[Round "6"]
[White "Mantovani, Renzo"]
[Black "Rotstein, Arkadij"]
[Result "0-1"]
[WhiteElo "2349"]
[BlackElo "2544"]
[PlyCount "89"]
[EventDate "2003.02.08"]

1. e4 c5 2. Nf3 e6 3. Nc3 a6 4. g3 b5 5. d4 cxd4 6. Nxd4 b4 7. Na4 Bb7 8. Bg2
Nf6 9. Bg5 Be7 10. O-O Qa5 11. Bxf6 Bxf6 12. Nb3 Qxa4 13. Nc5 Qc6 14. Nxb7 Be5
15. Nd6+ Qxd6 16. Qxd6 Bxd6 17. e5 Bxe5 18. Bxa8 Bxb2 19. Rab1 Bc3 20. a3 a5
21. axb4 axb4 22. f4 Ke7 23. f5 d5 24. fxe6 fxe6 25. Rf4 Nd7 26. Bc6 Ne5 27.
Ba4 g5 28. Rfxb4 Bxb4 29. Rxb4 h5 30. Kg2 Kf6 31. h3 Rc8 32. Bb3 Rc3 33. Ra4
Nc4 34. Ra6 Ke5 35. Ba4 Ne3+ 36. Kf2 Nxc2 37. h4 g4 38. Bd7 Rf3+ 39. Kg2 Nd4
40. Be8 Nf5 41. Bxh5 Rxg3+ 42. Kf2 Rf3+ 43. Ke1 Re3+ 44. Kd1 Re4 45. Bf7 0-1

[Event "XI Open Vallee d'Aoste A"]
[Site "Saint Vincent - Chatillon ITA"]
[Date "2003.02.13"]
[Round "6"]
[White "Pavlovic, Milos"]
[Black "Bukal, Vladimir sr"]
[Result "1-0"]
[WhiteElo "2560"]
[BlackElo "2404"]
[PlyCount "99"]
[EventDate "2003.02.08"]

1. e4 e6 2. d4 d5 3. Nd2 c5 4. Ngf3 Nf6 5. exd5 exd5 6. Bb5+ Bd7 7. Bxd7+ Nbxd7
8. O-O Be7 9. dxc5 Nxc5 10. Nb3 Nce4 11. Nfd4 Qd7 12. f3 Nd6 13. Nc5 Qc7 14.
Nd3 O-O 15. Kh1 Rfe8 16. b3 Qb6 17. Be3 Nb5 18. Nxb5 Qxb5 19. Qd2 b6 20. Rfe1
Bc5 21. Bg5 Rxe1+ 22. Rxe1 Re8 23. Bxf6 gxf6 24. g3 Rxe1+ 25. Qxe1 Bd6 26. Kg2
Qc6 27. Qd2 Kg7 28. Nf2 h5 29. Nd1 d4 30. Nf2 Qc3 31. Qxc3 dxc3 32. f4 Bc5 33.
Ne4 Bd4 34. Nd6 Bc5 35. Nb5 a6 36. Nxc3 f5 37. Nd5 a5 38. a4 f6 39. c3 Kf7 40.
Kf3 Ke6 41. Ne3 Ba3 42. Ke2 Bf8 43. Kd3 Bc5 44. h3 Bd6 45. Nc2 h4 46. Nd4+ Kd7
47. gxh4 Bxf4 48. h5 Ke8 49. Nxf5 Kf7 50. b4 1-0

[Event "XI Open Vallee d'Aoste A"]
[Site "Saint Vincent - Chatillon ITA"]
[Date "2003.02.13"]
[Round "6"]
[White "Prie, Eric"]
[Black "Dittmar, Peter"]
[Result "1-0"]
[WhiteElo "2446"]
[BlackElo "2320"]
[PlyCount "127"]
[EventDate "2003.02.08"]

1. e4 e6 2. d4 d5 3. e5 c5 4. c3 Nc6 5. Nf3 Nge7 6. a3 Bd7 7. b4 cxd4 8. cxd4
Nf5 9. Bb2 Rc8 10. Nbd2 Qb6 11. Nb3 a5 12. b5 Na7 13. a4 Bb4+ 14. Nfd2 O-O 15.
Bd3 f6 16. Bxf5 exf5 17. O-O Qe6 18. f4 b6 19. Rc1 Rxc1 20. Nxc1 Rc8 21. Nb1
Rc4 22. Nd3 Nc8 23. Rf2 Bf8 24. Nd2 Rc7 25. Nf1 Qf7 26. Rc2 Be6 27. Qc1 Rxc2
28. Qxc2 Qd7 29. Ne3 Ne7 30. Ba3 Nc8 31. Bxf8 Kxf8 32. h3 Ne7 33. Kh2 Kg8 34.
Nf1 Kf8 35. Ng3 Kg8 36. Qc1 Kf7 37. Ne1 Qc8 38. Qxc8 Nxc8 39. Nd3 Ne7 40. Nf1
h6 41. Nd2 Ke8 42. Kg3 Bf7 43. Kf2 Be6 44. Nf1 Kf7 45. Ne3 Ke8 46. Nc1 Kf7 47.
Ne2 Ke8 48. g4 fxg4 49. hxg4 f5 50. Ng3 g6 51. gxf5 gxf5 52. Nh5 Kf7 53. Kg3
Kg6 54. Nf6 Kf7 55. Nd1 Ng8 56. Nxg8 Kxg8 57. Kh4 Bf7 58. Ne3 Be6 59. Nf1 Kg7
60. Ng3 Kg6 61. Nh5 Kf7 62. Nf6 Kg6 63. Ne8 Bd7 64. Nc7 1-0

[Event "XI Open Vallee d'Aoste A"]
[Site "Saint Vincent - Chatillon ITA"]
[Date "2003.02.13"]
[Round "6"]
[White "Sanchez, Joseph"]
[Black "Arlandi, Ennio"]
[Result "1-0"]
[WhiteElo "2307"]
[BlackElo "2456"]
[PlyCount "79"]
[EventDate "2003.02.08"]

1. e4 c5 2. Nf3 e6 3. d4 cxd4 4. Nxd4 Nf6 5. Nc3 d6 6. Be3 a6 7. Qd2 b5 8. f3
Nbd7 9. g4 h6 10. O-O-O Bb7 11. h4 b4 12. Nce2 d5 13. Bh3 dxe4 14. g5 hxg5 15.
hxg5 exf3 16. Ng3 Ne4 17. Qe1 f2 18. Bxf2 Qxg5+ 19. Kb1 Qf4 20. Nxe6 fxe6 21.
Bxe6 Ndc5 22. Rxh8 Nxe6 23. Qxb4 Nxf2 24. Qxb7 Nxd1 25. Qxa8+ Kf7 26. Rh1 Ne3
27. Ne4 Qc7 28. c3 Qb6 29. Re1 Be7 30. Re2 Nf4 31. Rf2 g5 32. Rh2 Ned5 33. Rh7+
Kg6 34. Qg8+ Kf5 35. Ng3+ Kg4 36. Nf1 Qg1 37. Qc8+ Kf3 38. Qxa6 g4 39. Kc2 g3
40. Rg7 1-0

[Event "XI Open Vallee d'Aoste A"]
[Site "Saint Vincent - Chatillon ITA"]
[Date "2003.02.13"]
[Round "6"]
[White "Skripchenko, Almira"]
[Black "Tolhuizen, Ludo"]
[Result "1-0"]
[WhiteElo "2501"]
[BlackElo "2198"]
[PlyCount "39"]
[EventDate "2003.02.08"]

1. e4 d5 2. exd5 Qxd5 3. Nc3 Qe5+ 4. Be2 c6 5. d4 Qc7 6. Nf3 Bf5 7. Ne5 Nd7 8.
Bf4 Nxe5 9. Bxe5 Qb6 10. Na4 Qd8 11. Nc5 Qb6 12. O-O e6 13. b4 Nf6 14. Rb1 a6
15. a4 Bxc5 16. bxc5 Qa5 17. Rxb7 Qxa4 18. Bd3 Bxd3 19. Qxd3 O-O 20. Rfb1 1-0